Congress and Israel : foreign aid decision-making in the House of Representatives, 1969-1976 /

Bibliographic Details
Main Author: Feuerwerger, Marvin C.
Format: Book
Language:English
Published: Westport, Conn. : Greenwood Press, 1979.
Series:Contributions in political science ; no. 28.
Subjects:

MARC

Tag First Indicator Second Indicator Subfields
LEADER 00000pam a2200000 i 4500
001 in00000063278
005 20151008051731.0
008 790419s1979 ctu b 00110 eng
010 |a  78074654  
020 |a 0313212406 :  |c $23.95 
035 |a (OCoLC)04933529 
035 |9 AAG9680AM 
040 |a DLC  |c DLC  |d TXA  |d UtOrBLW 
043 |a a-is---  |a n-us--- 
049 |a TXAM  |c [1191719] 
050 0 0 |a HC497.P2  |b F45 
082 0 |a 309.2/233/7305694 
100 1 |a Feuerwerger, Marvin C. 
245 1 0 |a Congress and Israel :  |b foreign aid decision-making in the House of Representatives, 1969-1976 /  |c Marvin C. Feuerwerger. 
264 1 |a Westport, Conn. :  |b Greenwood Press,  |c 1979. 
300 |a xii, 235 pages ;  |c 22 cm. 
336 |a text  |b txt  |2 rdacontent 
337 |a unmediated  |b n  |2 rdamedia 
338 |a volume  |b nc  |2 rdacarrier 
490 1 |a Contributions in political science,  |x 0147-1066 ;  |v no. 28 
500 |a Includes index. 
504 |a Bibliography: pages [219]-229. 
610 1 0 |a United States.  |b Congress.  |b House. 
650 0 |a Economic assistance, American  |z Israel. 
650 0 |a Military assistance, American  |z Israel. 
830 0 |a Contributions in political science ;  |v no. 28. 
999 |a MARS 
999 f f |s f4103423-7821-343d-907e-780e38facb8f  |i dd465ede-3b01-33b9-8ffc-8b28a7bc253e  |t 0 
952 f f |p ric  |a Texas A&M University  |b Rellis Campus  |c Joint Library Facility  |d Remote Storage  |t 0  |e HC497.P2 F45  |h Library of Congress classification  |i unmediated -- volume  |m A14802603699 
998 f f |a HC497.P2 F45  |t 0  |l Remote Storage